| 000 | 00593nam a2200181Ia 4500 | ||
|---|---|---|---|
| 005 | 20250508165642.0 | ||
| 008 | 008 250505s9999 xx 000 0 eng d | ||
| 037 | _aTextual | ||
| 040 |
_aFEDL _beng _cFEDL |
||
| 041 |
_aeng _2eng |
||
| 084 |
_a510, MAT _qFEDL |
||
| 245 | 0 | _aMathematics counts | |
| 260 |
_aLondon, UK _bHer Maesty's Stationery Office _c1986 |
||
| 300 | _a294p. | ||
| 546 | _aReport of the committee of inquiry into the teaching of mathematics in schools under the chairmanship of Dr. W. H cockcroft | ||
| 942 |
_cTEXL _h510, MAT |
||
| 999 |
_c1396498 _d1396498 |
||